000 01084nas a2200337 4500
001 BR0503939
003 BR-BrBNA
005 20231205105552.0
007 ta
008 230509b bl.|||p| |||| 00| 00por d
040 _aBR-BrBNA
_bpor
_cBiblioteca Nacional de Agricultura
041 _a(Pt)
072 _aF07; F04
100 1 _aSilva, M. da C.
100 1 _aSantos, M.V.F. dos
100 1 _aDubeux Junior, J.C.B.
100 1 _aLira, M. de A.
100 1 _aMelo, W.S. de
100 1 _aOliveira, T.N. de
100 1 _aAraújo, G.G.L. de
245 1 _aAvaliação de métodos para recuperação de pastagens de braquiária no agreste de Pernambuco; 2: valor nutritivo da forragem
650 _aCAPIM BRACHIARIA
650 _aPLANTIO DIRETO
650 _aCOMPOSIÇÃO QUÍMICA
650 _aGRADAGEM
650 _aVALOR NUTRITIVO
650 _aPERNAMBUCO
773 0 _tRevista Brasileira de Zootecnia (Brazil)
_xISSN 1516-3598
_g(Nov-Dec 2004), v. 33(6)(Suplemento 2) p. 2007-2016
_wBR0503939
909 _a202311
_bLúcia
_c55
_dLúcia Elande
942 _2AGRIS
_n0
_cANA
999 _c183592
_d183592